01961nam a2200361 u 4500001001000000003000400010005001700014008004100031040002500072082002300097245023900120260006100359300005400420500004000474500003300514504003200547590002600579610008300605650005300688650007200741650006700813700004400880700004000924700003600964710006901000710006101069910004801130942001401178952012301192952012501315952014401440999001501584000002694OSt20250909091242.0090703s1991 dr bd r 000 0 spa d aDO-SdBNPbspacBNPHU a333.783bP699u22200aPlan de uso y gestión del parque nacional de los Haitises y áreas periféricas :bdocumento de síntesis /ccoordinación Joaquín Hernández de la Obra ; colaboración Antonio Fajardo de la Fuente, Rafael Cámara Artiguas. aSanto Domingo :bDirección Nacional de Parques,c1991. a381, (11 h.) p. :bil., mapa, diagrs. ;c23 cm. aIncluye referencias bibliográfcas aContiene 11 hojas plegables  aBibliografía : p. 378-381 aInventariado, 2018/LP14aParque Nacional de los Haitises (La Romana, República Dominicana)98503z  0aParques NacionaleszRepública Dominicana97049 4aPlanificación de parques nacionaleszRepública Dominicana98504 4aReservas forestaleszLa Romana (República Dominicana)9774001 aHernández de la Obra, Joaquín985051 aFajardo de la Fuente, Antonio985061 aCámara Artiguas, Rafael985072 aDirección Nacional de Parques (República Dominicana )9773982 aAgencia Española de Cooperación Internacional934585 aVMateo Validado. Control de calidad MMOLINA 2ddccLBS1 00102ddc51718PDaBNPHUbPDcHDd2009-07-03e i l0oBNPHU PD 333.783 P699up2694-10r2020-06-25w2020-06-25yLFPD 00102ddc53728PDaBNPHUbPDcHDd2020-11-24l0oBNPHU PD 333.783 P699up2020-0582r2020-11-24te. 2w2020-11-24yLFPD 00102ddc56708DSaBNPHUbGRcHDd2020-11-24eDominico-Americanol0oBNPHU DS 333.783 P699up2020-0583r2020-11-24te.3w2020-11-24yLFDS c2530d2530